Information Engineering. Book II. Planning and Analysis /

Salvato in:
Dettagli Bibliografici
Autore principale: Martin, James (Autore)
Natura: Libro
Pubblicazione: Englewood Cliffs : Prentice Hall, 1990
Tags: Aggiungi Tag
Nessun Tag, puoi essere il primo ad aggiungerne!!

MARC

LEADER 00000nam a22000003a 4500
001 stu46984
005 20150617225716.5
008 ------s1990----xxu---------------------d
040 |a STU  |b slo 
041 0
044 |a xxu 
080 |a 658.5 
100 1 |a Martin, James  |4 aut 
245 1 |a Information Engineering. Book II. Planning and Analysis /  |c [aut.] Martin,James 
260 |a Englewood Cliffs :  |b Prentice Hall,  |c 1990 
996 |b J85463  |c J*85463/›D  |l JJST  |s P  |a 0  |w stu46984_0001